000 00795nam a2200277Ia 4500
003 OSt
005 20221007121247.0
006 a|||||r|||| 00| 0
007 ta
008 221006b |||||||| |||| 00| 0 eng d
020 _a978091960057 (pbk)
024 _a187467
037 _b192, 18/12/2012, N R Book Distributors
_cTextual
040 _aBDL
_cBDL
_beng
041 _2eng
_aeng
082 _aIk, Q2 Carb
100 _aAllaby Michael
_9289069
245 0 _aOxford dictionary of plant sciences
250 _a3
260 _aOxford
_bOxford Univ Press
_c2012
300 _a568p.
_ccm.
650 _a Plant science
650 _aBotany
942 _hIk, Q2 Carb
_cTEXL
_2CC
999 _c1208629
_d1208629